Oliver twist / (Record no. 3210)
[ view plain ]
| 000 -LEADER | |
|---|---|
| fixed length control field | 01073cam a22003255a 4500 |
| 003 - CONTROL NUMBER IDENTIFIER | |
| control field | EG-ScBUE |
| 005 - DATE AND TIME OF LATEST TRANSACTION | |
| control field | 20220123101246.0 |
| 008 - FIXED-LENGTH DATA ELEMENTS--GENERAL INFORMATION | |
| fixed length control field | 150827s2005 nyu f 000 f eng d |
| 020 ## - INTERNATIONAL STANDARD BOOK NUMBER | |
| International Standard Book Number | 0553211021 |
| 020 ## - INTERNATIONAL STANDARD BOOK NUMBER | |
| International Standard Book Number | 9780553211023 |
| 040 ## - CATALOGING SOURCE | |
| Original cataloging agency | EG-ScBUE |
| Language of cataloging | eng |
| Description conventions | rda |
| Transcribing agency | EG-ScBUE |
| Modifying agency | EG-ScBUE |
| 082 04 - DEWEY DECIMAL CLASSIFICATION NUMBER | |
| Classification number | 823.8 |
| Item number | DIC |
| Edition number | 22 |
| 100 1# - MAIN ENTRY--PERSONAL NAME | |
| Personal name | Dickens, Charles, |
| Dates associated with a name | 1812-1870, |
| Relator term | author. |
| 9 (RLIN) | 35484 |
| 245 10 - TITLE STATEMENT | |
| Title | Oliver twist / |
| Statement of responsibility, etc | Charles Dickens ; introduction by Irving Howe. |
| 264 #1 - PUBLICATION, DISTRIBUTION, ETC. (IMPRINT) | |
| Place of publication, distribution, etc | New York : |
| Name of publisher, distributor, etc | Bantam Book, |
| Date of publication, distribution, etc | 2005. |
| 300 ## - PHYSICAL DESCRIPTION | |
| Extent | xxviii, 445 pages ; |
| Dimensions | 20 cm. |
| 336 ## - CONTENT TYPE | |
| Source | rdacontent |
| Content type term | text |
| Content type code | txt |
| 337 ## - MEDIA TYPE | |
| Source | rdamedia |
| Media type term | unmediated |
| Media type code | n |
| 338 ## - CARRIER TYPE | |
| Source | rdacarrier |
| Carrier type term | volume |
| Carrier type code | nc |
| 490 0# - SERIES STATEMENT | |
| Series statement | Bantam classic |
| 590 ## - LOCAL NOTE (RLIN) | |
| Local note | doaa mohamed |
| 650 #7 - SUBJECT ADDED ENTRY--TOPICAL TERM | |
| Topical term or geographic name as entry element | Orphans |
| Form subdivision | Fiction. |
| Source of heading or term | BUEsh |
| 9 (RLIN) | 35476 |
| 650 #7 - SUBJECT ADDED ENTRY--TOPICAL TERM | |
| Topical term or geographic name as entry element | Criminals |
| Form subdivision | Fiction. |
| Source of heading or term | BUEsh |
| 9 (RLIN) | 34179 |
| 650 #7 - SUBJECT ADDED ENTRY--TOPICAL TERM | |
| Topical term or geographic name as entry element | Poor children |
| Form subdivision | Fiction. |
| Source of heading or term | BUEsh |
| 9 (RLIN) | 40874 |
| 651 ## - SUBJECT ADDED ENTRY--GEOGRAPHIC NAME | |
| Source of heading or term | BUEsh |
| 653 ## - INDEX TERM--UNCONTROLLED | |
| Arrived date list | August2015 |
| Resource For college | Humanities: English |
| 655 ## - INDEX TERM--GENRE/FORM | |
| Form subdivision | Reading book |
| 9 (RLIN) | 34232 |
| 700 1# - ADDED ENTRY--PERSONAL NAME | |
| Personal name | Howe, Irving, |
| Relator term | author of introduction, etc. |
| 9 (RLIN) | 35076 |
| 942 ## - ADDED ENTRY ELEMENTS (KOHA) | |
| Call number prefix | 823.8 DIC |
| Source of classification or shelving scheme | Dewey Decimal Classification |
| Koha item type | Book - Borrowing |
| Withdrawn status | Lost status | Source of classification or shelving scheme | Damaged status | Not for loan | Home library | Current library | Shelving location | Date acquired | Source of acquisition | Total Checkouts | Total Renewals | Full call number | Barcode | Date last seen | Date checked out | Koha item type |
|---|---|---|---|---|---|---|---|---|---|---|---|---|---|---|---|---|
| Dewey Decimal Classification | Central Library | Central Library | Second Floor | 27/03/2007 | Purchase | 10 | 38 | 823.8 DIC | 000030570 | 15/07/2025 | 10/02/2024 | Book - Borrowing |